| 000 | 00395nam a2200145Ia 4500 | ||
|---|---|---|---|
| 005 | 20241119020020.0 | ||
| 008 | 240331s9999 xx 000 0 und d | ||
| 082 |
_bSIR _a823 |
||
| 100 | _aSiriwardena,E | ||
| 245 | 0 |
_aWhite flowers for the dead : _bstory of ahasin polawata |
|
| 260 |
_aColombo _bUniversity Of Colombo _c1979 |
||
| 300 | _a139 p ., | ||
| 650 | _aEnglish Short Stories | ||
| 942 | _cL | ||
| 999 |
_c3309 _d3309 |
||